| 000 | 01526cab a2200301 4500 | ||
|---|---|---|---|
| 001 | ABS68152 | ||
| 008 | 040827n2004 000 0 eng u | ||
| 035 | _a(Sirsi) u127190 | ||
| 100 | _aJansen, M. | ||
| 245 | _aSpecial report: professional services | ||
| 260 | _c2004 | ||
| 490 |
_aProperty Week _v69(33/34) 13 August 2004, 57-62(5) |
||
| 520 | _a "Ready willing able" reports on the looming deadline of the Disability Discrimination Act 1995 which comes into force on 1 October 2004 and the confusion of landlords and occupiers who want to comply but are unsure of how to proceed. "The city clique" considers the strong influence that rent review surveyors have on the value of commercial property in the City and Docklands but questions if they are getting their sums right. "Blueprints turn green" examines the growing influence of environmental issues on property and on planning in particular. Reports how local authorities will soon have to put structure plans to strict environmental assessments that will have a knock-on effect for developers. | ||
| 590 | _aABS | ||
| 650 | _aDISABILITY DISCRIMINATION ACT 1995 | ||
| 650 | _aLANDLORDS | ||
| 650 | _aOCCUPIERS | ||
| 650 | _aPROPERTY-COMMERCIAL PROPERTY | ||
| 650 | _aCITY OF LONDON | ||
| 650 | _aDOCKLANDS | ||
| 650 | _aRENT REVIEWS | ||
| 650 | _aLOCAL AUTHORITIES | ||
| 650 | _aENVIRONMENTAL ASSESSMENTS | ||
| 650 | _aSTRUCTURE PLANS | ||
| 690 | _aMANAGEMENT-BUSINESS MANAGEMENT-PROFESSIONAL PRACTICE | ||
| 700 | _aMarney, H. | ||
| 942 | _n0 | ||
| 999 |
_c74514 _d74514 |
||